La Importància de ser Frank / Oscar Wilde ; versió i pròleg de Jaume Melendres
Descripción Física:
71 p. ; 18 cm
Otros Autores:
Melendres, Jaume, 1941-2009
MARC
| LEADER | 00000nam a2200000Ia 4500 | ||
|---|---|---|---|
| 001 | 11988 | ||
| 008 | 160829s1998 xx 000 0 cat d | ||
| 080 | |a L-1-194 | ||
| 100 | 1 | |a Wilde, Oscar, |d 1854-1900 |e autor |9 26926 | |
| 245 | |a La Importància de ser Frank / Oscar Wilde ; versió i pròleg de Jaume Melendres | ||
| 260 | |a Barcelona : |b Institut del Teatre, Diputació de Barcelona, |c 1998 | ||
| 300 | |a 71 p. ; |c 18 cm | ||
| 490 | |a Col·lecció Popular de Teatre Clàssic Universal ; 53 | ||
| 700 | |a Melendres, Jaume, |d 1941-2009 |e autor del pròleg |9 25255 | ||
| 710 | 1 | |a Institut del Teatre (Barcelona, Catalunya) |9 52662 | |
| 901 | |a Arxiu | ||
| 942 | |n 1 |2 udc | ||
| 952 | |0 0 |1 0 |4 0 |6 L1194 |7 1 |9 44210 |a Arxiu |b Arxiu |d 2016-12-01 |l 0 |o L-1-194 |p 11988 |r 2016-12-01 00:00:00 |w 2016-12-01 |y ARXIU | ||
| 999 | |c 46790 |d 46790 | ||